| 000 | 00801aas a2200217 4500 | ||
|---|---|---|---|
| 999 |
_c3396 _d3396 |
||
| 003 | BR-BrBNA | ||
| 005 | 20230317233802.0 | ||
| 007 | ta | ||
| 008 | 230119b bl ||||| |||| 00| 0 por d | ||
| 035 | _a000485-5 | ||
| 040 |
_aBR-BrBNA _bPor _cBR-BrBNA |
||
| 042 | _aN | ||
| 044 | _abl | ||
| 245 | _aProgramas e Projetos - Empresa de Assistência Técnica e Extensão Rural da Bahia (Brazil) | ||
| 260 |
_aSalvador-BA _bEmpresa de Assistência Técnica e Extensão Rural da Bahia _c1978. Data final de publicação em 1988 _eBBA |
||
| 270 | _aCaixa Postal 727 - 40000-000 | ||
| 310 | _airregular | ||
| 505 | _a1978 (1-2doc.ext,4); 1979 (5-6); 1980 (8-9,11-12); 1981 (13); 1982 (17-18); 1983 (26-30); 1985 (34plano diretor,39); 1986 (37); 1988 (40,41doc.ext); | ||
| 909 |
_a56 _bSergio Santos _c56 _dSergio Santos |
||
| 942 |
_cCR _2AGRIS |
||